000 00361nam a2200133Ia 4500
008 191014s9999 xx 000 0 und d
020 _a978-0-521-56398-7
082 _a523.1
_bMUK
100 _aViatcheslav Mukhanov
_923758
245 0 _aPhysics Foundations of Cosmology
260 _aUk
_bCambridge University Press
_c2005
300 _aXix,421
942 _cBK
999 _c531255
_d531255